书目信息 |
| 题名: |
大地旋风
|
|
| 作者: | 王树和 著 | |
| 分册: | ||
| 出版信息: | 北京 解放军文艺出版社 2004.2 |
|
| 页数: | 380页 | |
| 开本: | 21cm | |
| 丛书名: | 纵横天下丛书 | |
| 单 册: | ||
| 中图分类: | I25 | |
| 科图分类: | ||
| 主题词: | 纪实文学--中国--当代 | |
| 电子资源: | ||
| ISBN: | 7-5033-1711-6 | |
| 000 | 00698nam2 2200241 45 | |
| 001 | 012004000000 | |
| 005 | 20041110091953.56 | |
| 010 | @a7-5033-1711-6@dCNY 26.00 | |
| 100 | @a20040626d2004 em y0chiy0121 ea | |
| 101 | 0 | @achi |
| 102 | @aCN@b110000 | |
| 105 | @aa z 000zy | |
| 200 | 1 | @a大地旋风@Ada di xuan feng@e中国人民解放军第四十军征战纪实@f王树和著 |
| 210 | @a北京@c解放军文艺出版社@d2004.2 | |
| 215 | @a380页@c图@d21cm | |
| 225 | 2 | @a纵横天下丛书 |
| 410 | 0 | @12001 @a纵横天下丛书 |
| 517 | 1 | @a中国人民解放军第四十军征战纪实 |
| 606 | 0 | @a纪实文学@y中国@z当代 |
| 690 | @aI25@v4 | |
| 701 | 0 | @a王树和@Awang shu he@4著 |
| 801 | 0 | @aCN@bQSSKxf@c20041110 |
| 905 | @a10447@dI25@eW3501 | |
| 大地旋风:中国人民解放军第四十军征战纪实/王树和著.-北京:解放军文艺出版社,2004.2 |
| 380页:图;21cm.-(纵横天下丛书) |
| ISBN 7-5033-1711-6:CNY 26.00 |
| ● |
| 相关链接 |
|
|
|
正题名:大地旋风
索取号:I25/W3501
 
预约/预借
| 序号 | 登录号 | 条形码 | 馆藏地/架位号 | 状态 | 备注 |
| 1 | 426315 | 204263153 | 社科二线422/422社科库 29排4列2层/ [索取号:I25/W3501] | 在馆 | |
| 2 | 426316 | 204263162 | 文学库108/108文学库 65排11列3层/ [索取号:I25/W3501] | 在馆 | |
| 3 | 426317 | 204263171 | 文学库108/108文学库 65排11列3层/ [索取号:I25/W3501] | 在馆 |